| 000 | 00829nam a22001817a 4500 | ||
|---|---|---|---|
| 008 | 100131s2008 ne|||||r|||| 001 0 eng d | ||
| 020 | _a9780750684491 | ||
| 082 |
_222 _a621.31924 _bKIT |
||
| 100 |
_910744 _aKitcher, Christopher |
||
| 245 |
_aPracical Guide to Inspection, Testing and Certification of Electrical Installations: _bConforms to IEE Regulations/BS 7671/Part P of Building Regulations/ _cChristopher Kitcher |
||
| 260 |
_aAmsterdam: _bElsevier, 2008 _c2008 |
||
| 300 |
_a210 p.: _bCol. ill.; _c25 cm. |
||
| 500 | _aIncludes index | ||
| 650 |
_910742 _aElectric wiring, Interior _v--Handbooks, manuals, etc. |
||
| 710 |
_910743 _aInstitution of Electrical Engineers |
||
| 942 |
_2ddc _cBB |
||
| 999 |
_c13228 _d13228 |
||